Eastern Utah Libraries Catalog: Duchesne, Heber, Roosevelt, & Vernal

The bloody spur (Record no. 311038)

MARC details
000 -LEADER
fixed length control field 02622nim a2200577 i 4500
001 - CONTROL NUMBER
control field rcw90000567
003 - CONTROL NUMBER IDENTIFIER
control field CtWfDGI
005 - DATE AND TIME OF LATEST TRANSACTION
control field 20200320212530.0
007 - PHYSICAL DESCRIPTION FIXED FIELD--GENERAL INFORMATION
fixed length control field sd fungnnmmned
008 - FIXED-LENGTH DATA ELEMENTS--GENERAL INFORMATION
fixed length control field 180226s2018 mdunnnn f n eng d
020 ## - INTERNATIONAL STANDARD BOOK NUMBER
International Standard Book Number 9781501997464
028 01 - PUBLISHER NUMBER
Publisher number CW0567
Source Recorded Books
040 ## - CATALOGING SOURCE
Original cataloging agency CtWfDGI
Language of cataloging eng
Description conventions rda
Transcribing agency CtWfDGI
043 ## - GEOGRAPHIC AREA CODE
Geographic area code n-us-nm
050 14 - LIBRARY OF CONGRESS CALL NUMBER
Classification number PS3537.P652
Item number B58 2018b
082 04 - DEWEY DECIMAL CLASSIFICATION NUMBER
Classification number 813/.6
Edition number 23
098 14 - OTHER CLASSIFICATION SCHEMES (OCLC)
Call number based on other classification scheme V
-- SPIL
-- BS
-- S 67
100 1# - MAIN ENTRY--PERSONAL NAME
Personal name Spillane, Mickey,
Dates associated with a name 1918-2006,
Relator term author.
9 (RLIN) 2428
245 14 - TITLE STATEMENT
Title The bloody spur
Medium [sound recording] /
Statement of responsibility, etc Mickey Spillane and Max Allan Collins.
250 ## - EDITION STATEMENT
Edition statement Unabridged.
264 #1 - Production, Publication, Distribution, Manufacture, and Copyright Notice.
Place of production, publication, distribution, manufacture Prince Frederick, MD :
Name of producer, publisher, distributor, manufacturer Recorded Books,
Date of production, publication, distribution, manufacture, or copyr [2018]
264 #4 - Production, Publication, Distribution, Manufacture, and Copyright Notice.
Date of production, publication, distribution, manufacture, or copyr 2018
300 ## - PHYSICAL DESCRIPTION
Extent 5 sound discs (5 hr., 30 min.) :
Other physical details digital ;
Dimensions 4 3/4 in.
336 ## - Content Type
Content type term spoken word
337 ## - Media type
Media type term audio
338 ## - Carrier type
Carrier type term audio disc
344 ## -
-- digital
-- optical
-- 1.4 m. per second
-- Digital recording
-- rda
347 ## -
-- audio file
-- CD audio
-- rda
490 0# - SERIES STATEMENT
Series statement A Caleb York western
490 0# - SERIES STATEMENT
Series statement Western audio
500 ## - GENERAL NOTE
General note Sequel to: The big showdown.
500 ## - GENERAL NOTE
General note Title from container.
511 0# - PARTICIPANT OR PERFORMER NOTE
Participant or performer note Narrated by Corey M. Snow.
500 ## - GENERAL NOTE
General note Compact disc.
500 ## - GENERAL NOTE
General note In container (17 cm.).
520 ## - SUMMARY, ETC.
Summary, etc The Santa Fe Railroad wants to build a spur through Trinidad, New Mexico, linking the town to the cattle trade. Only one man stands against it - rancher George Cullen. At the request of the town council, Sheriff Caleb York rides out to the Bar-O to reason with his old friend. With murder in the wind, the whole town's in danger. To bring a killer to justice, and protect the woman he loves, Caleb York must strap down his Colt .44, enter the big game, and bet his life on the turn of a card - and the speed of his draw.
650 #0 - SUBJECT ADDED ENTRY--TOPICAL TERM
Topical term or geographic name as entry element Gunfighters
Form subdivision Fiction.
9 (RLIN) 5715136
651 #0 - SUBJECT ADDED ENTRY--GEOGRAPHIC NAME
Geographic name New Mexico
Form subdivision Fiction.
9 (RLIN) 5681168
655 #7 - INDEX TERM--GENRE/FORM
Genre/form data or focus term Western fiction.
Source of term gsafd
9 (RLIN) 5687771
655 #7 - INDEX TERM--GENRE/FORM
Genre/form data or focus term Western fiction.
Source of term lcgft
9 (RLIN) 5687771
655 #7 - INDEX TERM--GENRE/FORM
Genre/form data or focus term Audiobooks.
Source of term lcgft
9 (RLIN) 5976037
700 1# - ADDED ENTRY--PERSONAL NAME
Personal name Collins, Max Allan,
Relator term author.
9 (RLIN) 19334
700 1# - ADDED ENTRY--PERSONAL NAME
Personal name Snow, Corey,
Relator term narrator.
9 (RLIN) 5976038
710 2# - ADDED ENTRY--CORPORATE NAME
Corporate name or jurisdiction name as entry element Recorded Books, Inc.
9 (RLIN) 60865
856 4# - ELECTRONIC LOCATION AND ACCESS
Materials specified recordedbooks.com
Uniform Resource Identifier <a href="https://www.recordedbooks.com/title-details/9781501997464">https://www.recordedbooks.com/title-details/9781501997464</a>
856 4# - ELECTRONIC LOCATION AND ACCESS
Materials specified RBMedia
Uniform Resource Identifier <a href="http://d2cv0ie6dlin9h.cloudfront.net/CW0567/CW0567_image_148x230.jpg">http://d2cv0ie6dlin9h.cloudfront.net/CW0567/CW0567_image_148x230.jpg</a>
942 ## - ADDED ENTRY ELEMENTS (KOHA)
Koha item type CD
945 ## - LOCAL PROCESSING INFORMATION (OCLC)
c (OCoLC)1027058524
948 ## - LOCAL PROCESSING INFORMATION (OCLC); SERIES PART DESIGNATOR (RLIN)
Series part designator, SPT (RLIN) 08/13/2018
z (OCLC) Sirsi
996 ## -
-- 152057
-- 34301001557240
-- CD
-- CD
-- wcl
-- o
-- 5
-- 102.75
-- .CIRCNOTE. 5 discs
-- recordedbook
-- Spi
-- 08/13/2018
-- 02/25/2020
-- 02/25/2020
Holdings
Withdrawn status Lost status Source of classification or shelving scheme Materials specified (bound volume or other part) Damaged status Not for loan Collection code Home library Current library Shelving location Date acquired Source of acquisition Cost, normal purchase price Total Checkouts Total Renewals Full call number Barcode Date last seen Date checked out Cost, replacement price Price effective from Koha item type
    Dewey Decimal Classification .CIRCNOTE. 5 discs     Audiobooks Wasatch County Library Wasatch County Library Second Floor 08/13/2018   102.75 11 6 CD Spi 34301001557240 11/20/2025 10/21/2025 102.75 03/20/2020 Audiobook on CD
This project was made possible through a grant from the Institute of Museum and Library Service administered by the Utah State Library Division.

Wasatch County Library

  • 465 East 1200 South, Heber City, Utah 84032
  • Phone 435-654-1511 | Fax 435-654-6456

Hours

  • Monday - Friday 9:30 AM - 8:00 PM
  • Saturday 9:30 AM - 1:30 PM
  • Closed Sundays and Holidays